Tecnología limpia para el aprovechamiento de olefinas ligeras /

Guardado en:
Otros Autores: Rodrigues, Alirio E., (Editor , ed.)
Formato: Libro
Idioma:Spanish
Portuguese
Publicado: Madrid : CYTED, 2004.
Materias:
Etiquetas: Agregar Etiqueta
Sin Etiquetas, Sea el primero en etiquetar este registro!
LEADER 00659nam a22001935a 4500
001 EIQ.libpla002143
008 070424s2004####sp#a#####b####000#0#spa#d
005 20070424171039.0
245 0 0 |a Tecnología limpia para el aprovechamiento de olefinas ligeras /  |c editor: Alirio E. Rodrigues. 
260 |a Madrid :  |b CYTED,  |c 2004. 
300 |a 263 p. :  |b il. ;  |c 25 cm. 
504 |a Incluye referencias bibliográficas. 
020 |a 8496023281 
700 1 |a Rodrigues, Alirio E.,  |e ed.  |4 edt 
650 4 |a Procesos  |x Olefinas. 
650 4 |a Processes  |x Olefins. 
040 |a AR-BbSID  |b spa  |c AR-BbSID 
041 1 |a spa  |a por 
859 |a AR-BbSID  |b BIB. PLAPIQUI  |h 660.284 235  |i T 227  |p 5765